[Event "GCM Online Tournament Group A"]
[Site "SchemingMind.com"]
[Date "2005.06.10"]
[Round "-"]
[White "colleent"]
[Black "alanlight"]
[Result "1-0"]
[WhiteCountry "USA"]
[BlackCountry "USA"]
[WhiteElo "1994"]
[WhiteRD "124"]
[BlackElo "1189"]
[BlackRD "139"]
[GameID "13280"]

1. e4 Nf6 2. Nc3 Nc6 3. Nf3 e5 4. Bb5 Bc5 5. Nxe5 Nxe5 6. d4 Bxd4 7. Qxd4 a6 8. Qxe5+ Qe7 9. Qxe7+ Kxe7 10. e5 axb5
11. exf6+ gxf6 12. Kd1 Kf8 13. Nxb5 c6 14. Bh6+ Ke8 15. Re1+ Kd8 16. Bg7 Rg8 17. Bxf6#
1-0

[Event "GCM Online Tournament Group A"]
[Site "SchemingMind.com"]
[Date "2005.05.09"]
[Round "-"]
[White "alanlight"]
[Black "colleent"]
[Result "0-1"]
[WhiteCountry "USA"]
[BlackCountry "USA"]
[WhiteElo "1194"]
[WhiteRD "137"]
[BlackElo "1969"]
[BlackRD "128"]
[GameID "13281"]

1. e4 e5 2. Nf3 Nc6 3. Bc4 Nf6 4. d3 Bc5 5. O-O d6 6. Nc3 O-O 7. b3 Na5 8. a4 Nxc4 9. dxc4 Bg4 10. Bg5 h6
11. Bxf6 gxf6 12. Qd3 Kh7 13. Nd2 Rg8 14. h3 Bh5 15. Nf3 Qf8 16. g4 Qg7 17. Na2 Bxg4 18. b4 Bxf3+
0-1

[Event "GCM Online Tournament Group A"]
[Site "SchemingMind.com"]
[Date "2005.04.20"]
[Round "-"]
[White "jamshes"]
[Black "alanlight"]
[Result "1-0"]
[WhiteCountry "USA"]
[BlackCountry "USA"]
[WhiteElo "1459"]
[WhiteRD "220"]
[BlackElo "1202"]
[BlackRD "136"]
[GameID "13284"]

1. Nc3 e5 2. Nf3 Bd6 3. Ne4 Nf6 4. Nxf6+ Qxf6 5. d3 O-O 6. Bg5 Qf5 7. Qd2 a5 8. Bh4 Ra6 9. g3 Rc6 10. c3 b6
11. Qg5 Qg6 12. Bh3 Rc5 13. Bf5 Be7 14. Be4 Bxg5 15. Bxg6 Bb7 16. Be4 Bxh4 17. Nxh4 Bc6 18. Rg1 Na6 19. Bf3 d5 20. Nf5 e4
21. Bg2 Bd7 22. Ne7+ Kh8 23. d4 Rb5 24. a4 Rxb2 25. Nxd5 Bf5 26. Ne3 Bg6 27. f3 Re8 28. Kf2 f5 29. Nd1 Rc2 30. Ra3 Bf7
31. Ne3 Ra2 32. Rxa2 Bxa2 33. Nxf5 Nb8 34. Ra1 Rf8 35. Bh3 Be6 36. fxe4 Nd7 37. Kg2 g6 38. Rf1 gxf5 39. exf5 Bc4 40. Rf2 Bb3
41. g4 Bxa4 42. Kg3 Bb3 43. e4 a4 44. e5 a3 45. Rf1 a2 46. Ra1 c5 47. e6 Nf6 48. g5 Ne4+ 49. Kf4 Nxc3 50. f6 Nb5
51. f7 Na3 52. e7 Bxf7 53. exf8=Q+ Bg8 54. Be6 Nc2 55. Qf6#
1-0

[Event "GCM Online Tournament Group A"]
[Site "SchemingMind.com"]
[Date "2005.04.20"]
[Round "-"]
[White "jamshes"]
[Black "colleent"]
[Result "0-1"]
[WhiteCountry "USA"]
[BlackCountry "USA"]
[WhiteElo "1459"]
[WhiteRD "220"]
[BlackElo "1932"]
[BlackRD "133"]
[GameID "13285"]

1. f3 e5 2. Nc3 d5 3. d3 d4 4. Ne4 Nc6 5. Bg5 Bb4+ 6. Bd2 Bxd2+ 7. Qxd2 Nge7 8. Qg5 Nf5 9. Qxd8+ Nxd8 10. g4 Ne3
11. c3 Nc2+ 12. Kd2 Nxa1 13. Kc1 h5 14. Kb1 hxg4 15. Kxa1 Bf5 16. Nf2 gxf3 17. Nxf3 Nc6 18. Ng5 f6 19. Nf3 Rd8 20. Rg1 Kf7
21. Nh4 Rxh4 22. Rh1 dxc3 23. h3 Rf4 24. Nd1 c2 25. e3 c1=Q#
0-1

[Event "GCM Online Tournament Group A"]
[Site "SchemingMind.com"]
[Date "2005.04.27"]
[Round "-"]
[White "colleent"]
[Black "jamshes"]
[Result "1-0"]
[WhiteCountry "USA"]
[BlackCountry "USA"]
[WhiteElo "1932"]
[WhiteRD "133"]
[BlackElo "1459"]
[BlackRD "220"]
[GameID "13287"]

1. e4 d6 2. d4 Nf6 3. Nc3 Bg4 4. Be2 Qc8 5. e5 Bxe2 6. Qxe2 Nfd7 7. exd6 cxd6 8. Nf3 Nf6 9. Bf4 Qc7 10. Nb5 Qd8
11. Nxd6+ Kd7 12. Ne5+ Ke6 13. Nc6+ Kd7 14. Nxb8+ Rxb8 15. Qb5+ Ke6 16. Qf5#
1-0

[Event "GCM Online Tournament Group A"]
[Site "SchemingMind.com"]
[Date "2005.05.10"]
[Round "-"]
[White "ADGrant"]
[Black "alanlight"]
[Result "1-0"]
[WhiteCountry "USA"]
[BlackCountry "USA"]
[WhiteElo "1828"]
[WhiteRD "184"]
[BlackElo "1189"]
[BlackRD "139"]
[GameID "13289"]

1. e4 e6 2. d4 f5 3. e5 Bb4+ 4. Bd2 a5 5. Bxb4 axb4 6. a3 Qh4 7. Nf3 Qe4+ 8. Be2 b6 9. Nbd2 Qc6 10. O-O Ba6
11. Bxa6 Rxa6 12. Qc1 Ne7 13. c4 Qa8 14. axb4 h5 15. b5 Ra5 16. Rxa5 bxa5 17. h4 c6 18. bxc6 Nbxc6 19. b3 O-O 20. Qc3 g6
21. Ra1 Rb8 22. Ne1 Qa7 23. Nd3 Nxd4 24. Rxa5 Qb6 25. Kf1 Nxb3 26. Rb5 Nxd2+ 27. Qxd2 Qd8 28. Qa5 Qxa5 29. Rxa5 d5 30. exd6 Nc8
31. d7 Nb6 32. Ne5 Nxd7 33. Nxd7 Rb1+ 34. Ke2 Rb2+ 35. Ke3 Rb4 36. Ne5 Kg7 37. Ra7+ Kf6 38. f4 Rb3+ 39. Kd4
1-0

[Event "GCM Online Tournament Group A"]
[Site "SchemingMind.com"]
[Date "2005.07.25"]
[Round "-"]
[White "ADGrant"]
[Black "colleent"]
[Result "1-0"]
[WhiteCountry "USA"]
[BlackCountry "USA"]
[WhiteElo "1964"]
[WhiteRD "162"]
[BlackElo "1954"]
[BlackRD "127"]
[GameID "13290"]

1. d4 d5 2. c4 e6 3. cxd5 exd5 4. Nc3 Nf6 5. Qc2 c6 6. Bg5 Be7 7. e3 Nbd7 8. Bd3 O-O 9. Nge2 Re8 10. O-O Nf8
11. f3 Ng6 12. Rad1 Be6 13. Ng3 Nd7 14. Bxe7 Qxe7 15. f4 Qh4 16. f5 Nf6 17. fxe6 Rxe6 18. Bxg6 hxg6 19. Rf4 Ng4 20. h3 Nxe3
21. Rxh4 Nxc2 22. Rf4 Ne3 23. Rd3 Rae8 24. Rf2 Kf8 25. Re2 f5 26. Kf2 Nc4 27. Rxe6 Rxe6 28. b3 Nd6 29. Rf3 Ke7 30. Nce2 Ne4+
31. Kg1 Kf6 32. b4= Nd2 33. Rd3 Nc4 34. Kf2 g5 35. Nf1 a5 36. b5 Nd6 37. bxc6 Ne4+ 38. Ke1 Rxc6 39. Rb3 b6 40. Nd2 Re6
41. Nxe4+ dxe4 42. Rb5 Rc6 43. g4 f4 44. h4 gxh4 45. Rf5+ Ke7 46. Nxf4 Rc4 47. Re5+ Kd7 48. Rd5+ Kc6 49. Kd2 Ra4 50. Ke3 Rxa2
51. Rg5 Ra1 52. Kxe4 Re1+ 53. Kf5 Re7 54. d5+ Kc5 55. Rg6 a4 56. Rc6+ Kb5 57. Rc1 a3 58. d6 Rf7+ 59. Ke5 Ka4 60. Nd3 h3
61. Rc2 Rf3 62. Nc1 Re3+ 63. Kd5 Re1 64. Kc6 b5 65. Nd3 Rd1 66. Nc5+ Kb4 67. d7 Rd4 68. g5 Rd1 69. g6 Rd4 70. Rh2 Kc4
71. Rxh3 a2 72. Ra3 Rd5 73. Nb7 Kd4 74. Nd6 Rc5+ 75. Kb6 b4 76. Rxa2 b3 77. Rb2 Rc2 78. Rxb3 Rc3 79. Rxc3 Kxc3 80. d8=Q Kd4
81. Qg5 Kd3 82. Qh4 Ke3 83. Ne8 Kf3 84. Nxg7 Ke3 85. Ne8 Kd3 86. g7 Ke2 87. Qh3 Kd1 88. Qh2 Kc1 89. g8=R
1-0

[Event "GCM Online Tournament Group A"]
[Site "SchemingMind.com"]
[Date "2005.04.29"]
[Round "-"]
[White "alanlight"]
[Black "ADGrant"]
[Result "0-1"]
[WhiteCountry "USA"]
[BlackCountry "USA"]
[WhiteElo "1194"]
[WhiteRD "137"]
[BlackElo "1822"]
[BlackRD "184"]
[GameID "13292"]

1. e4 c5 2. Bc4 Nc6 3. Nf3 e5 4. O-O Nf6 5. Nc3 Nd4 6. d3 Nxf3+ 7. Qxf3 d6 8. Be3 Bg4 9. Bb5+ Bd7 10. Qg3 a6
11. Ba4 b5 12. Bb3 Qc8 13. a4 b4 14. Nd5 Nxd5 15. Bxd5 Ra7 16. b3 Be6 17. Bg5 Bxd5 18. exd5 f6 19. Be3 g5 20. c4 bxc3
21. Rfc1 Qb7 22. Rxc3 Qxd5 23. Rac1 Be7 24. b4 Rc7 25. b5 axb5 26. axb5 O-O 27. b6 Rc6 28. Rb1 Rb8 29. h4 Rcxb6 30. Rxb6 Rxb6
31. hxg5 Rb1+ 32. Rc1 Rxc1+ 33. Bxc1 f5 34. g6 Qe6 35. gxh7+= Kxh7 36. f3= Qg6 37. Qf2 Bg5 38. Bb2 Qh6 39. Qe2 Be3+ 40. Qxe3 Qxe3+
41. Kh2 Qxd3 42. Kg3 f4+ 43. Kf2 Qd2+ 44. Kg1 Qxb2 45. Kh2 Qf2 46. Kh1 c4 47. Kh2 c3 48. Kh3 Qg3#
0-1

[Event "GCM Online Tournament Group A"]
[Site "SchemingMind.com"]
[Date "2005.05.06"]
[Round "-"]
[White "griggsj"]
[Black "colleent"]
[Result "0-1"]
[WhiteCountry "USA"]
[BlackCountry "USA"]
[WhiteElo "1560"]
[WhiteRD "199"]
[BlackElo "1969"]
[BlackRD "128"]
[GameID "13297"]

1. e4 e5 2. Nf3 Nc6 3. Bc4 Nf6 4. Nc3 Bc5 5. d3 d6 6. Bg5 h6 7. Bxf6 Qxf6 8. Nd5 Qd8 9. c3 Ne7 10. b4 Nxd5
11. Bxd5 Bb6 12. Qb3 O-O 13. a4 c6 14. Bc4 a5 15. b5 Bc5 16. O-O Bg4 17. Nd2 Qg5 18. Ra2 Bh3 19. Nf3 Qxg2#
0-1

[Event "GCM Online Tournament Group A"]
[Site "SchemingMind.com"]
[Date "2005.05.02"]
[Round "-"]
[White "griggsj"]
[Black "jamshes"]
[Result "1-0"]
[WhiteCountry "USA"]
[BlackCountry "USA"]
[WhiteElo "1560"]
[WhiteRD "199"]
[BlackElo "1324"]
[BlackRD "178"]
[GameID "13298"]

1. e4 e5 2. g3 Nf6 3. Bg2 Bc5 4. c4 Ng4 5. Qxg4 g6 6. Qe2 d6 7. Nf3 Qf6 8. d3 Bb4+ 9. Bd2 Nc6 10. Nc3 a5
11. Nd5 Qd8 12. O-O Be6 13. Bg5 Qb8 14. Qe3 Bxd5 15. cxd5 Ne7 16. Bf6 Kd7 17. Bh3+ Ke8 18. Bxh8 Bc5 19. d4 Bxd4 20. Nxd4 exd4
21. Bxd4 Nc8 22. Qh6 Nb6 23. Bf6
1-0

[Event "GCM Online Tournament Group A"]
[Site "SchemingMind.com"]
[Date "2005.04.27"]
[Round "-"]
[White "alanlight"]
[Black "griggsj"]
[Result "0-1"]
[WhiteCountry "USA"]
[BlackCountry "USA"]
[WhiteElo "1202"]
[WhiteRD "136"]
[BlackElo "1584"]
[BlackRD "283"]
[GameID "13299"]

1. e4 e5 2. Nf3 Nc6 3. Bc4 Bc5 4. O-O Nf6 5. d3 d6 6. a4 Bg4 7. Nc3 Nd4 8. Bg5 Nxf3+ 9. gxf3 Bh3 10. Re1 c6
11. f4 h6 12. Bxf6 Qxf6 13. Re3 Qg6+ 14. Rg3 Qf6 15. Rxh3 exf4 16. Qf3 g5 17. b3 Qxc3 18. Rc1 Qd2 19. Qd1 Qxf2+ 20. Kh1 Qd4
21. a5 a6 22. c3 Qf6 23. b4 Ba7 24. d4 Qg6 25. e5 g4 26. Rh4 Qg5 27. Qe1 g3 28. hxg3 fxg3 29. Kg1 Qxh4 30. exd6+ Kf8
31. Kg2 Rg8 32. Qe5 Qh2+ 33. Kf1 Qf2#
0-1

[Event "GCM Online Tournament Group A"]
[Site "SchemingMind.com"]
[Date "2005.04.26"]
[Round "-"]
[White "ADGrant"]
[Black "griggsj"]
[Result "1-0"]
[WhiteCountry "USA"]
[BlackCountry "USA"]
[WhiteElo "1822"]
[WhiteRD "184"]
[BlackElo "1560"]
[BlackRD "199"]
[GameID "13300"]

1. e4 e5 2. Nc3 d5 3. Nxd5 Nf6 4. Nxf6+ Qxf6 5. Nf3 Nc6 6. Bb5 Bd7 7. c3 a6 8. Bc4 b5 9. Bd5 Rd8 10. d4 h6
11. Nxe5 Nxe5 12. dxe5 Qxe5 13. Qf3 Be6 14. Bxe6 Qxe6 15. O-O Bd6 16. Bf4 O-O 17. Bxd6 Rxd6 18. Qf5 Qc4 19. Qf3 Rd2 20. b3 Qe6
21. Rfd1 Rfd8 22. Rxd2 Rxd2 23. Kf1 c5 24. Ke1 Rd6 25. Rd1 Rc6 26. Rd8+ Kh7 27. Qf5+ g6 28. Qxe6 Rxe6 29. f3 f5 30. Rd3 Kg7
31. Kf2 Kf6 32. exf5 gxf5 33. g4 fxg4 34. fxg4 Kg5 35. Kf3 Kh4 36. Rd5 Rf6+ 37. Rf5 Rxf5+ 38. gxf5 Kg5 39. Ke4 Kf6 40. Kf4 b4
41. c4 a5 42. Ke4 Ke7 43. Ke5 Kd7 44. f6 Kd8 45. Ke6 Ke8 46. f7+ Kf8 47. h3 h5 48. h4
1-0

[Event "GCM Online Tournament Group A"]
[Site "SchemingMind.com"]
[Date "2005.07.15"]
[Round "-"]
[White "colleent"]
[Black "griggsj"]
[Result "1-0"]
[WhiteCountry "USA"]
[BlackCountry "USA"]
[WhiteElo "2005"]
[WhiteRD "125"]
[BlackElo "1559"]
[BlackRD "171"]
[GameID "13301"]

1. e4 e5 2. Nf3 Nc6 3. Nc3 g6 4. d4 exd4 5. Nxd4 Bg7 6. Be3 Nge7 7. Qd2 d6 8. Rd1 f5 9. Nxc6 Nxc6 10. Bg5 Bf6
11. Bxf6 Qxf6 12. Nd5 Qd8 13. Qc3 Rf8 14. Qg7 Rf7 15. Qg8+ Rf8 16. Qxh7 Ne7 17. e5 Nxd5 18. Qxg6+ Ke7 19. Rxd5 Rg8 20. Qh6 Be6
21. Qf6+ Kd7 22. Bb5+
1-0

[Event "GCM Online Tournament Group A"]
[Site "SchemingMind.com"]
[Date "2005.05.18"]
[Round "-"]
[White "mbirman"]
[Black "colleent"]
[Result "0-1"]
[WhiteCountry "USA"]
[BlackCountry "USA"]
[WhiteElo "1406"]
[WhiteRD "260"]
[BlackElo "1969"]
[BlackRD "128"]
[GameID "15027"]

1. e4 e5 2. Nf3 Nc6 3. Bc4 Nf6 4. Ng5 d5 5. exd5 Na5 6. Bb5+ c6 7. dxc6 bxc6 8. Be2 h6 9. Nf3 e4 10. Ne5 Bd6
11. Ng4 Nxg4 12. Bxg4 Qg5 13. Bxc8 Qxg2 14. Rf1 Rxc8 15. Qe2 O-O 16. h4 c5 17. f4 Qg3+ 18. Qf2 Bxf4 19. Rg1 Qxf2+ 20. Kxf2 Be5
21. c3 c4 22. d4 cxd3 23. Bxh6 Rb8 24. b3 f5 25. Ke3 Rbe8 26. h5 f4+ 27. Kd2 Rd8 28. Bxg7 e3+ 29. Kd1 Bxg7 30. h6 f3
31. hxg7 f2 32. gxf8=Q+ Kxf8
0-1

[Event "GCM Online Tournament Group A"]
[Site "SchemingMind.com"]
[Date "2005.06.14"]
[Round "-"]
[White "ADGrant"]
[Black "mbirman"]
[Result "1-0"]
[WhiteCountry "USA"]
[BlackCountry "USA"]
[WhiteElo "1874"]
[WhiteRD "170"]
[BlackElo "1311"]
[BlackRD "215"]
[GameID "15031"]

1. d4 d5 2. c4 c6 3. Nf3 dxc4 4. e3 b5 5. a4 Nf6 6. axb5 cxb5 7. b3 a5 8. bxc4 b4 9. Bd3 e6 10. Ne5 Nbd7
11. Qa4 Bb7 12. O-O Bd6 13. f4 O-O 14. c5 Bxe5 15. fxe5 Nd5 16. c6 N7b6 17. Qc2 Ba6 18. Bxa6 Rxa6 19. Qd3 Qa8 20. e4 Ne7
21. c7 Rc8 22. Qf3 Rf8 23. Bg5 Nbc8 24. Qd3 Rc6 25. Bd2 Rxc7 26. Bxb4 Ra7 27. Bc5 Rd7 28. Qf3 f6 29. Nc3 Rdd8 30. Qh3 Qa6
31. exf6 Rxf6 32. Rxf6 gxf6 33. Rf1 Rf8 34. Qh6 Qd3 35. Rf3 Qc2 36. Rg3+ Kf7 37. Qh5+ Ng6 38. Qxh7+ Ke8 39. Qxg6+ Kd8 40. Bxf8 Qc1+
41. Kf2 Qc2+ 42. Ne2
1-0

[Event "GCM Online Tournament Group A"]
[Site "SchemingMind.com"]
[Date "2005.05.10"]
[Round "-"]
[White "colleent"]
[Black "mbirman"]
[Result "1-0"]
[WhiteCountry "USA"]
[BlackCountry "USA"]
[WhiteElo "1969"]
[WhiteRD "128"]
[BlackElo "1406"]
[BlackRD "260"]
[GameID "15032"]

1. e4 e5 2. Nf3 Nc6 3. Nc3 Bb4 4. a3 Bxc3 5. dxc3 d6 6. Bg5 f6 7. Be3 Be6 8. Qd2 Nge7 9. Bd3 Na5 10. b3 Bxb3
11. cxb3 Nxb3 12. Qa2 Nxa1 13. O-O c6 14. Rxa1 Qa5 15. Qb3 Qc7 16. Rd1 b6 17. Qe6 Qd7 18. Qb3 Nc8 19. a4 Qf7 20. Bc4 Qc7
21. Be6 Rb8 22. Qc4 Ke7 23. Nh4 g6 24. Nf3 g5 25. Bg4 Kf8 26. Bxc8 Rxc8 27. Qe6 Kg7 28. Rxd6 Rhd8 29. Qxf6+ Kg8 30. Qxg5+ Kh8
31. Qxe5+ Qg7 32. Qe6 Re8 33. Rxc6 Rxe6 34. Rxc8+ Qg8 35. Bd4+
1-0

[Event "GCM Online Tournament Group A"]
[Site "SchemingMind.com"]
[Date "2005.06.24"]
[Round "-"]
[White "griggsj"]
[Black "mbirman"]
[Result "1-0"]
[WhiteCountry "USA"]
[BlackCountry "USA"]
[WhiteElo "1559"]
[WhiteRD "171"]
[BlackElo "1311"]
[BlackRD "215"]
[GameID "15034"]

1. e4 e5 2. Nf3 Nc6 3. Bb5 d6 4. Bxc6+ bxc6 5. d3 Bg4 6. h3 Bh5 7. g4 Bg6 8. h4 h5 9. g5 f5 10. exf5 Bxf5
11. Qe2 c5 12. Nc3 g6 13. d4 cxd4 14. Nxd4 Ne7 15. Nxf5 Nxf5 16. Nd5 c6 17. Nf6+ Ke7 18. f4 Ng3 19. Qg2 Nxh1 20. Qxh1 Rc8
21. Qe4 Bg7 22. Qxg6 Qf8 23. Ne4 Rd8 24. f5 Qf7 25. f6+ Bxf6 26. Qxf6+ Qxf6 27. Nxf6 Rb8 28. a3 Kf7 29. b4 Kg6 30. Be3 Rb7
31. O-O-O Rd8 32. Bc5 d5 33. c4 d4 34. Kc2 a6 35. Kd3 a5 36. Ke4 axb4 37. axb4 Rf7 38. Kxe5 d3 39. Rd2 Rb7 40. Ke4 Rc7
41. Rxd3 Rxd3 42. Kxd3 Kf5 43. Bd6 Rc8 44. Kd4 Ra8 45. Kc5 Ra6 46. b5 cxb5 47. cxb5 Ra4 48. b6 Ra5+ 49. Kc6 Ra6 50. Kb5
1-0